jump then fall - taylor swift - Statistics

General Stats
  • This quiz has been taken 10 times
  • The average score is 298 of 384
Answer Stats
lyrics % Correct
a
100%
afraid
100%
afraid,
100%
and
100%
baby
100%
baby,
100%
be
100%
don't
100%
ever
100%
every
100%
fall
100%
fall,
100%
for
100%
i
100%
in
100%
into
100%
like
100%
me
100%
me,
100%
morning
100%
on
100%
phone
100%
realize
100%
smile,
100%
smile
100%
so
100%
sound
100%
the
100%
time
100%
warning
100%
way
100%
we
100%
with
100%
without
100%
you
100%
you,
100%
your
100%
all
75%
best
75%
can
75%
can't
75%
didn't
75%
feeling
75%
focus
75%
gonna
75%
have
75%
hear
75%
heard
75%
i'll
75%
i'm
75%
is
75%
it
75%
jump
75%
keep
75%
laugh
75%
leave
75%
my
75%
never
75%
notice
75%
oh,
75%
oh
75%
say
75%
shine,
75%
shine
75%
should
75%
that
75%
then
75%
through
75%
to
75%
together
75%
too
75%
wanna
75%
watch
75%
we're
75%
when
75%
whoa,
75%
but
50%
each
50%
face
50%
face,
50%
falls
50%
freckle
50%
hair
50%
imma
50%
stay
50%
talk,
50%
think
50%
words
50%
you're
50%
been
25%
'cause
25%
cry
25%
everything
25%
got
25%
here
25%
honey
25%
i've
25%
keys
25%
love
25%
need
25%
please
25%
up,
25%
wanted
25%
wrapped
25%
yeah
25%
bottom's
0%
breath
0%
bring
0%
catch
0%
closer
0%
come
0%
could
0%
deep
0%
drop
0%
feet
0%
from
0%
had
0%
hold
0%
knees
0%
mad
0%
night
0%
our
0%
out
0%
over
0%
people
0%
show
0%
take
0%
things
0%
under
0%
until
0%
well,
0%
No matching quizzes found
Score Distribution
Percent of People with Each Score
Percentile by Number Answered
Your Score History
You have not taken this quiz